Statistics for UK Cities, Towns & their Rivers (with map)

Click here to take the quiz!

General Stats

  • This quiz has been taken 919 times
    (903 since last reset)
  • The average score is 41 of 89

Answers on the Map

Answers color-coded by a green-red scale on the quiz's map according to % correct below.
Loading ...
 

Answer Stats

River% Correct
Thames
94%
London
92%
Liverpool
86%
Glasgow
85%
Edinburgh
84%
Manchester
84%
Newcastle upon Tyne
82%
Belfast
81%
Cardiff
81%
Bristol
80%
Aberdeen
77%
Tyne (Northumberland)
77%
Oxford
76%
Leeds
75%
Birmingham
75%
Cam/Granta
74%
Severn
71%
Cambridge
70%
Swansea
70%
Southampton
70%
Plymouth
69%
Norwich
69%
York
68%
Kingston upon Hull
67%
Avon (Bristol)
67%
Avon (Warks)
67%
Mersey
66%
Sheffield
64%
Nottingham
63%
Exe
62%
Leicester
60%
Trent
60%
Exeter
58%
Gloucester
54%
Carlisle
53%
Clyde
51%
Bournemouth
50%
Lincoln
50%
Stoke-on-Trent
49%
Derby
49%
Perth
48%
Humber
47%
Tweed
47%
Wye
46%
Middlesbrough
44%
Durham
43%
Great Ouse
43%
Berwick-upon-Tweed
41%
Hereford
41%
Ouse/Ure (Yorkshire)
41%
Dee (Scotland)
40%
Stirling
39%
Forth
39%
Wear
38%
Don (Scotland)
38%
Don (Yorkshire)
38%
Tay
37%
Preston
37%
Stratford-upon-Avon
36%
Tees
35%
Peterborough
35%
Colchester
33%
Shrewsbury
32%
Tamar
24%
Taff
24%
Medway
24%
Maidstone
23%
Aire
23%
Bedford
22%
Derwent (Derbyshire)
19%
Carmarthen
18%
Ribble
18%
Eden
17%
Nene
16%
Enniskillen
15%
Stour (Dorset)
14%
Test
14%
Itchen
13%
Irwell
13%
Lagan
12%
Tawe
11%
Wensum
11%
Yare
11%
Erne
10%
Soar
10%
Colne (Essex)
9%
Witham
9%
Tame (West Midlands)
8%
Tywi
7%

Score Distribution

Percentile by Number Answered

Percent of People with Each Score

Your Score History

You have not taken this quiz since the last reset